Mammal species of the world : (Registro nro. 841)

Detalles MARC
000 -CABECERA
Campo de control 00899pam a2200253 i 4500
005 - FECHA Y HORA DE LA ULTIMA TRANSACCION
Campo de control 20160108111449.0
008 - ELEMENTOS DE LONGITUD FIJA—INFORMACION GENERAL
Campo de control 920612s1993 dcu b 001 0 eng
020 ## - ISBN
ISBN 1560982179 (alk. paper)
040 ## - FUENTE DE CATALOGACIÓN
Agencia catalogadora original DLC
Agencia transcriptora DLC
Agencia Modificadora CO-BoIAVH
041 ## - IDIOMA
Código de idioma para texto/pista de sonido o título separado Inglés
044 ## - PAÍS DE PUBLICACIÓN
País de publicación Estados Unidos
082 04 - NUMERO DE CLASIFICACION DECIMAL DEWEY
Número de clasificación 599
Número del ítem M26m
245 00 - MENCION DE TITULO
Título Mammal species of the world :
Parte restante del título a taxonomic and geographic reference /
Mención de responsabilidad edited by Don E. Wilson and DeeAnn M. Reeder.
250 ## - MENCION DE EDICION
Mención de edición Segunda edición
260 ## - PUBLICACION, DISTRIBUCION, ETC. (PIE DE IMPRENTA)
Lugar de publicación, distribución, etc. Washington :
Nombre del editor, distribuidor, etc. Smithsonian Institution Press,
Fecha de publicación, distribución, etc. c1993.
300 ## - DESCRIPCION FISICA
Extensión xviii, 1206 p. ;
Dimensiones 26 cm.
504 ## - NOTA DE BIBLIOGRAFIA, ETC.
Nota de bibliografía Incluye referencias bibliográficas e índice.
650 14 - ASIENTO SECUNDARIO DE MATERIA - TERMINO TEMATICO
Término temático o nombre geográfico como elemento de entrada Mamíferos
Subdivisión general Clasificación
9 (RLIN) 48781
650 14 - ASIENTO SECUNDARIO DE MATERIA - TERMINO TEMATICO
Término temático o nombre geográfico como elemento de entrada Mamíferos
Subdivisión general Identificación
9 (RLIN) 48782
650 #0 - ASIENTO SECUNDARIO DE MATERIA - TERMINO TEMATICO
Término temático o nombre geográfico como elemento de entrada Mamíferos
Subdivisión general Distribución geográfica
9 (RLIN) 48783
700 1# - ASIENTO SECUNDARIO - NOMBRE PERSONAL
Nombre personal Wilson, Don E.,
Término de relación editor
9 (RLIN) 8083
700 1# - ASIENTO SECUNDARIO - NOMBRE PERSONAL
Nombre personal Reeder, DeeAnn M.,
Término de relación editor
9 (RLIN) 9433
942 ## - ELEMENTOS ADICIONALES (KOHA)
Sistema de clasificación Dewey Decimal Classification
Tipo de ítem Libro
Existencias
Withdrawn status Lost status Sistema de Clasificación Damaged status No para préstamo Colección Inventariado Ubicación Permanente Ubicación actual Fecha de adquisición Fuente de Valor Valor Total Checkouts Número topográfico Inventario / Código de Barras Date last seen Ejemplar Price effective from Forma de adquisición Tipo de material
    Dewey Decimal Classification     General Inventariado 2017 Bogotá Bogotá 11/10/1998 Instituto 39000.00   LB-599 M26m 009410 04/12/2012 Ej. 1 04/12/2012 Compra Libro